| 000 | 00366 a2200157 4500 | ||
|---|---|---|---|
| 005 | 20250423111712.0 | ||
| 020 | _a0-273-61983-7 | ||
| 082 | _a657 WOO | ||
| 100 | _aWOOD, F. | ||
| 245 | _aBusiness Accounting 2. | ||
| 250 | _a7th Ed | ||
| 260 |
_aLondon, _bPitman, _c1996. |
||
| 300 |
_aXiii, 656p.: ill.; _bIndex _c24cm. |
||
| 700 | _aSANGSTER, A. | ||
| 942 |
_2ddc _cBKS |
||
| 999 |
_c1621 _d1621 |
||